00649nam a2200217 a 4500001001300000003000900013005001700022008004100039020002300080082001500103100002100118245005200139260002700191300000900218500003500227650002100262902000800283942000700291952011600298999001700414nice12345678IN_TiNIC20260116014844.0090129s2009 dela grp 000 0 eng  a8131602478 c67500a305.3bAGA aAgarwal, Supriya aGender, History and Cultureb Inside the Haveli aDelhibRawat Pubc2009 a238p aincludes index and biblioraphy aGender Relations bSRS cBK 001040708StackRoom-aHMIbHMId2009-01-29g675.00l0o305.3 AGAp022679r2009-01-29v675.00w2009-01-29yBK c17295d17295